Návrh informačného systému v podniku : Diplomová práca

Gespeichert in:
Bibliographische Detailangaben
1. Verfasser: Oravec, Rastislav (Verfasst von)
Weitere Verfasser: Vadkerti, Peter, 1973- (xxx)
Format: Manuskript Buch
Sprache:Slowakisch
Veröffentlicht: Trnava : STU v Bratislave MtF KMK, 1999
Schlagworte:
Tags: Tag hinzufügen
Keine Tags, Fügen Sie das erste Tag hinzu!

MARC

LEADER 00000ntm a22000003a 4500
001 stu53751
005 20160719155218.4
008 000529s1999----xo------------------slo-d
040 |a STU  |b slo 
041 0 |a slo 
044 |a xo 
100 1 |a Oravec, Rastislav  |4 aut 
245 1 |a Návrh informačného systému v podniku :  |b Diplomová práca 
260 |a Trnava :  |b STU v Bratislave MtF KMK,  |c 1999 
300 |a 73 s  |c výťah 
650 7 |a Systémy informačné podnikové  |2 stusub 
650 7 |a manažment priemyselných podnikov  |2 stusub 
700 1 |a Vadkerti, Peter,  |d 1973-  |4 xxx  |u M190  |U MTF Materiálovotechnologická fakulta  |T MTF Katedra priemyselného inžinierstva a manažmentu  |X 1474  |U M190  |Y 167  |7 A000001474 
996 |b 284M004292  |c M*DP-373  |l MMSKP  |s P  |a 0  |w stu53751_0001